| Tag |
First Indicator |
Second Indicator |
Subfields |
| LEADER |
00000cam a2200000 u 4500 |
| 001 |
in00005659050 |
| 006 |
m o d |
| 007 |
cr |n||||||||| |
| 008 |
150509s1999 xx of 000 0 eng d |
| 005 |
20250812150151.1 |
| 035 |
|
|
|a (OCoLC)ocn908077262
|
| 040 |
|
|
|a EBLCP
|b eng
|e pn
|c EBLCP
|d YDXCP
|d OCLCQ
|d MERUC
|d UAB
|d OCLCF
|d OCLCO
|d N$T
|d OCLCQ
|d OCLCO
|d OCLCQ
|d YDX
|d OCLCQ
|d SFB
|d DST
|d OCLCQ
|d OCLCO
|d OCLCL
|d OCLCQ
|
| 019 |
|
|
|a 1080585678
|a 1144872764
|a 1202481804
|a 1241941513
|a 1300607079
|a 1303368277
|
| 020 |
|
|
|a 9781439821848
|q (electronic bk.)
|
| 020 |
|
|
|a 1439821844
|q (electronic bk.)
|
| 020 |
|
|
|a 0429246102
|
| 020 |
|
|
|a 9780429246104
|
| 024 |
7 |
|
|a 10.1201/9781439821848
|2 doi
|
| 035 |
|
|
|a (OCoLC)908077262
|z (OCoLC)1080585678
|z (OCoLC)1144872764
|z (OCoLC)1202481804
|z (OCoLC)1241941513
|z (OCoLC)1300607079
|z (OCoLC)1303368277
|
| 043 |
|
|
|a n-us---
|
| 050 |
|
4 |
|a KF390.P65 F73 2015
|
| 072 |
|
7 |
|a LAW
|x 018000
|2 bisacsh
|
| 072 |
|
7 |
|a LAW
|x 075000
|2 bisacsh
|
| 082 |
0 |
4 |
|a 342.73
|
| 049 |
|
|
|a TXAM
|
| 100 |
1 |
|
|a Franklin, Carl J.
|
| 245 |
1 |
0 |
|a Constitutional Law for the Criminal Justice Professional.
|
| 260 |
|
|
|a Hoboken :
|b CRC Press,
|c 1999.
|
| 300 |
|
|
|a 1 online resource (343 pages)
|
| 336 |
|
|
|a text
|b txt
|2 rdacontent
|
| 337 |
|
|
|a computer
|b c
|2 rdamedia
|
| 338 |
|
|
|a online resource
|b cr
|2 rdacarrier
|
| 588 |
0 |
|
|a Print version record.
|
| 505 |
0 |
|
|a Front Cover; Contents; Section One: Introduction to Constitutional Law; Chapter 1: Why is the Constitution So Important?; I. Foundations of the Term Constitution -- II. Development of the Term; III. The Constitution as a Paradigm; Chapter 2: A Brief History of the U.S. Constitution; I. The Idea of a Constitution; II. Americans and the Revolution; III. The New Government; IV. The Early Conventions; V. The Philadelphia Convention; VI. The Campaign for Ratification; VII. Adding the First Amendments; Section Two: Article III -- The Judiciary; Chapter 3: Organization of the Courts.
|
| 505 |
8 |
|
|a I. Creating the Federal SystemII. One Supreme Court; III. The Inferior Courts; IV. Courts of Specialized Jurisdiction; V. Bankruptcy Courts; Chapter 4: Judicial Power; I. Characteristics and Attributes of Judicial Power; II. Shall Be Vested -- III. The Power of Contempt; IV. Sanctions Other Than Contempt; V. Power to Issue Writs: The Act of 1789; VI. Habeas Corpus: Congressional and Judicial Control; VII. Habeas Corpus: The Process of the Writ; Chapter 5: Judicial Review ; I. The Establishment of Judicial Review; II. Limitations on the Exercise of Judicial Review.
|
| 505 |
8 |
|
|a Section Three: First Amendment -- Religion and ExpressionChapter 6: Religion: An Overview; I. Introduction; II. Establishment of Religion -- III. Development of Other Legal Standards; IV. Government Neutrality in Religious Disputes; V. Sunday Closing Laws; VI. Free Exercise of Religion; Chapter 7: Freedom of Expression: Speech and Press; I. Introduction; II. The Doctrine of Prior Restraint; III. Injunctions and the Press in Fair Trial Cases; IV. Obscenity and Prior Restraint; V. Subsequent Punishment: Clear and Present Danger and Other Tests; Chapter 8: Rights of Assembly and Petition.
|
| 505 |
8 |
|
|a I. Background and DevelopmentSection Four: Fourth Amendment -- Search and Seizure; Chapter 9: The History and Application of the Fourth Amendment; I. History of the Amendment; II. Application of the Amendment; Chapter 10: Arrests and Other Detentions; I. What is a Seizure?; II. Detention Short of Arrest: Stop-and-Frisk; Chapter 11: Searches and Seizures Pursuant to Warrant; I. Introduction; II. Issuance by Neutral Magistrate; III. Probable Cause; IV. Particularity; V. First Amendment Bearing on Probable Cause and Particularity; VI. Property Subject to Seizure; Chapter 12: Execution of Warrants.
|
| 505 |
8 |
|
|a I. Knock and AnnounceII. Timeliness; III. Third Parties on the Premises; Chapter 13: Warrantless Searches and Exceptionsto the Warrant Requirements; I. Introduction; II. Search Incident to Arrest; III. Vehicular Searches; IV. Vessel Searches; V. Consent Searches; VI. Border Searches; VII. Open Fields; VIII. Plain View; IX. Public Schools; X. Government Offices; XI. Prisons and Regulation of Probation; XII. Drug Testing; Chapter 14: Electronic Surveillance under the Fourth Amendment; I. Development of the Early Standard; II. Evolution to a Modern Standard of Judicial Scrutiny.
|
| 500 |
|
|
|a III. Warrantless ""National Security"" Electronic Surveillance.
|
| 520 |
|
|
|a Introduction to Constitutional LawWhy is the Constitution So Important?A Brief History of the U.S. ConstitutionArticle III-The JudiciaryOrganization of the CourtsJudicial PowerJudicial ReviewFirst Amendment-Religion and ExpressionReligion: An OverviewFreedom of Expression: Speech and PressRights of Assembly and PetitionFourth Amendment-Search and SeizureHistory and Application of the Fourth Amendment Arrests and Other DetentionsSearches and Seizures Pursuant to WarrantExecution of WarrantsWarrantless Searches and Exceptions to the Warrant RequirementsElectronic Surveillance Under the Fourth Am.
|
| 504 |
|
|
|a Includes bibliographical references and index.
|
| 546 |
|
|
|a English.
|
| 650 |
|
0 |
|a Criminal justice, Administration of
|z United States.
|
| 650 |
|
0 |
|a Constitutional law
|z United States.
|
| 650 |
|
0 |
|a Criminal justice personnel
|z United States
|v Handbooks, manuals, etc.
|
| 650 |
|
6 |
|a Justice pénale
|x Administration
|z États-Unis.
|
| 650 |
|
7 |
|a LAW
|x Constitutional.
|2 bisacsh
|
| 650 |
|
7 |
|a LAW
|x Public.
|2 bisacsh
|
| 650 |
|
7 |
|a Constitutional law
|2 fast
|
| 650 |
|
7 |
|a Criminal justice, Administration of
|2 fast
|
| 650 |
|
7 |
|a Criminal justice personnel
|2 fast
|
| 651 |
|
7 |
|a United States
|2 fast
|1 https://id.oclc.org/worldcat/entity/E39PBJtxgQXMWqmjMjjwXRHgrq
|
| 655 |
|
7 |
|a Electronic books.
|2 local
|
| 655 |
|
7 |
|a Handbooks and manuals
|2 fast
|
| 710 |
2 |
|
|a Taylor & Francis.
|
| 758 |
|
|
|i has work:
|a Constitutional law for the criminal justice professional (Text)
|1 https://id.oclc.org/worldcat/entity/E39PCGGtHtTvbdPKxdB78dHV4q
|4 https://id.oclc.org/worldcat/ontology/hasWork
|
| 776 |
0 |
8 |
|i Print version:
|a Franklin, Carl J.
|t Constitutional Law for the Criminal Justice Professional.
|d Hoboken : CRC Press, ©1999
|z 9780849311550
|
| 856 |
4 |
0 |
|u http://proxy.library.tamu.edu/login?url=https://www.taylorfrancis.com/books/9780429246104
|z Connect to the full text of this electronic book
|t 0
|
| 936 |
|
|
|a BATCHLOAD
|
| 955 |
|
|
|a Taylor and Francis FORENSICnetBASE / LAWENFORCEMENTnetBASE
|
| 994 |
|
|
|a 92
|b TXA
|
| 999 |
f |
f |
|s 835b99ce-297d-47d4-84eb-7af8127d91c3
|i 2f553dd5-0987-4c43-9fee-70440f48b898
|t 0
|
| 952 |
f |
f |
|a Texas A&M University
|b College Station
|c Electronic Resources
|d Available Online
|t 0
|e KF390.P65 F73 2015
|h Library of Congress classification
|
| 998 |
f |
f |
|a KF390.P65 F73 2015
|t 0
|l Available Online
|